000 01046nam a2200325Ia 4500
001 dia_2790
003 CHAP
005 20230704091105.0
008 220117s2013 xx 000 0 und d
010 _a176969
020 _a978-607-32-2128-3
040 _cCHAP
082 _a620.00420285 D59 2013
100 _aDix, Mark
_9159828
245 _aAutoCAD 2013 /
_c Mark Dix y Paul Riley ; traducción Salvador Nuñez Ramos
260 _aMéxico :
_b Pearson Educación,
_c2013
300 _axiv, 682 p.
500 _aTítulo original: Discovering AutoCAD 2013
590 _aT385 D59 2013
650 _aComputer graphics
_9147300
650 _aComputer
_xaided design
_9147301
650 _aDiseño asistido por computador
_9147302
650 _aGráficos por computador
_9147303
700 _aNuñez Ramos, Salvador, tr.
_9159829
700 _aRiley, Paul, coaut.
_9159830
901 _a620.00420285 D59 2013
902 _aA
905 _a5232272013 mx aimn8222223322spa16
942 _cLIBRO
_2ddc
999 _c176969
_d176969